000 00430nam a22001697a 4500
003 MPLRDC
005 20220104125608.0
008 210129b ||||| |||| 00| 0 eng d
082 _a947.47 TZBEX v.38
100 _a藤子不二雄原著
245 _a机器猫小叮当. 三十八
_c
250 _a初版
260 _a
_b阳铭出版社
_c1989
300 _b
650 _a哆啦A梦漫画
942 _cBK
_o947.47 TZBEX v.38
999 _c28614
_d28604